Egyptian pyramids and mastaba tombs of the Old and Middle Kingdoms /
Main Author:
Format: Book
Language: English
Published:
Princes Risborough :
Shire,
1987.
Series:
Shire Egyptology ;
6.
ShirEgypt ;
6.
Subjects:
Tags: Add Tag
Call Number: DT57 .S25 v.6
| LEADER | 00891namaa2200301 4500 | ||
|---|---|---|---|
| 001 | 13321 | ||
| 003 | OSt | ||
| 005 | 20260421150817.0 | ||
| 008 | 130303s1987 enka b 001 0 eng d | ||
| 010 | |a 89176631 | ||
| 020 | |a 0852638531 | ||
| 040 | |c ARCE Library | ||
| 043 | |a f-ua--- | ||
| 050 | 4 | |a DT57 .S25 v.6 | |
| 100 | 1 | |a Watson, Philip J., |e author | |
| 245 | 1 | 0 | |a Egyptian pyramids and mastaba tombs of the Old and Middle Kingdoms / |c Philip J. Watson. |
| 264 | 1 | |a Princes Risborough : |b Shire, |c 1987. | |
| 300 | |a 64 pages : |b illustrations ; |c 21 cm. | ||
| 490 | 1 | |a Shire Egyptology ; |v 6. | |
| 490 | 1 | |a ShirEgypt ; |v 6. | |
| 504 | |a Includes bibliographical references (page 61) and index. | ||
| 650 | 0 | |a Tombs |z Egypt. | |
| 651 | 0 | |a Egypt |x Antiquities. | |
| 830 | 0 | |a Shire Egyptology ; |v 6. | |
| 830 | 0 | |a ShirEgypt ; |v 6. | |
| 901 | |a reviewed | ||
| 942 | |c BK |2 lcc | ||
| 999 | |c 13223 |d 13223 | ||
